Characters of the Iliad - Statistics

General Stats
  • This quiz has been taken 83 times
  • The average score is 11 of 15
Answer Stats
Description Character % Correct
Invincible king of the Myrmidons; shot in his one weak point by the prince of Troy's brother Achilles
97%
The prince of Troy's brother; slain by an Achaean archer Paris
97%
The face that launched a thousand ships; survives the war Helen
96%
Leader of the Achaean army; murdered by his wife's lover Agamemnon
93%
Clever king of Ithaca; survives the war Odysseus
91%
Prince of Troy; slain by the king of the Myrmidons Hector
90%
King of Troy; murdered by the son of the king of the Myrmidons Priam
85%
King of Sparta; survives the war Menelaus
84%
Best friend of the king of the Myrmidons; slain by the prince of Troy Patroclus
82%
Founder of Rome; survives the war Aeneas
70%
Wisest and eldest Achaean commander; survives the war Nestor
69%
Youngest of the Achaean commanders; survives the war Diomedes
67%
Queen of Troy; survives the war Hecuba
52%
Extraordinarily strong Achaean commander; commits suicide after being shamed by the king of Ithaca Ajax the Great
37%
Small and swift Achaean commander; drowned coming home from the war Ajax the Lesser
31%
No matching quizzes found
Score Distribution
Percent of People with Each Score
Percentile by Number Answered
Your Score History
You have not taken this quiz